Sports Quiz

Random Sports or WWE Quiz

WWE United States Champions Quiz Stats

 Plays Quiz not verified by Sporcle

Score 0/183 Timer 08:00
0 Plays Today
Year Wrestler % Correct
1975Vacant
100%
1979Vacant
100%
1981Vacant
100%
1984Vacant
100%
1986Vacant
100%
1988Vacant
100%
1991Vacant
100%
1992Vacant
100%
1993Vacant
100%
1995Vacant
100%
1996Vacant
100%
1998Vacant
100%
1999Vacant
100%
1999Vacant
100%
2000Vacant
100%
2000Vacant
100%
2000Vacant
100%
2001Unified with Intercontinental Title & Retired
100%
2004Vacant
100%
2005Vacant
100%
2010Vacant
100%
2017Vacant
100%
2019Samoa Joe
100%
2019R-Truth
91.3%
2015John Cena
89.7%
2015John Cena
89.4%
2018Rusev
89.1%
2004John Cena
88.7%
2004John Cena
88.7%
2004John Cena
88.7%
2019Shinsuke Nakmura
87%
2009The Miz
83%
2010The Miz
83%
2018Randy Orton
80.4%
2014Rusev
79.5%
2018Jeff Hardy
78%
2016Rusev
77.8%
2013Dean Ambrose
76.5%
2017Kevin Owens
74.8%
2017Kevin Owens
74.8%
2016Roman Reigns
74.7%
2017Chris Jericho
74.5%
2015Seth Rollins
74.2%
2017Chris Jericho
74.1%
2017Kevin Owens
74%
1998Bret Hart
72.9%
1998Bret Hart
72.9%
1998Bret Hart
72.9%
1999Bret Hart
72.9%
2010Bret Hart
72.9%
2015Alberto Del Rio
71.8%
2013Kofi Kingston
71.5%
2017Dolph Ziggler
71.3%
2011Dolph Ziggler
71.3%
1999Chris Benoit
70.9%
1999Chris Benoit
70.9%
2005Chris Benoit
70.9%
2006Chris Benoit
70.9%
2006Chris Benoit
70.9%
2009Kofi Kingston
70%
2011Kofi Kingston
70%
Year Wrestler % Correct
2018Shinsuke Nakmura
69.8%
2008Matt Hardy
69.6%
1977Ric Flair
68.4%
1978Ric Flair
68.4%
1979Ric Flair
68.4%
1980Ric Flair
68.4%
1996Ric Flair
68.4%
2016Alberto Del Rio
68.1%
2014Sheamus
67.7%
2017AJ Styles
67.2%
2017AJ Styles
67.2%
2003Big Show
66.8%
1996Eddie Guerrero
66.4%
2003Eddie Guerrero
66.4%
2018Jinder Mahal
66.4%
2016Kalisto
65.6%
2001Edge
65.6%
2016Kalisto
65.4%
2001Booker T
64.8%
2004Booker T
64.8%
2005Booker T
64.8%
2006Booker T
64.8%
2011Sheamus
64.8%
1999David Flair
63.6%
2018Bobby Roode
62.3%
2012Jack Swagger
59.1%
2006JBL
58.7%
2001Kurt Angle
58.3%
2007MVP
57.9%
2009MVP
57.9%
2012Antonio Cesaro
57.5%
1993Steve Austin
56.7%
1994Steve Austin
56.7%
1987Dusty Rhodes
56.3%
2010R-Truth
55.9%
2011Zack Ryder
55.9%
2017Baron Corbin
55.7%
2010Daniel Bryan
55.5%
1993Dustin Rhodes
55.1%
1993Dustin Rhodes
55.1%
2012Santino Marella
53%
1991Sting
51.4%
1995Sting
51.4%
2008Shelton Benjamin
49.4%
1998Goldberg
49%
1999Goldberg
49%
2004Carlito
49%
2006Bobby Lashley
48.2%
1975Harley Race
46.2%
2005Orlando Jordan
45.7%
1987Lex Luger
45.3%
1989Lex Luger
45.3%
1989Lex Luger
45.3%
1990Lex Luger
45.3%
1998Lex Luger
45.3%
1999Scott Hall
44.5%
1999Scott Hall
44.5%
2006Finlay
43.3%
1977Ricky Steamboat
42.1%
1978Ricky Steamboat
42.1%
1984Ricky Steamboat
42.1%
Year Wrestler % Correct
1994Ricky Steamboat
42.1%
1997Diamond Dallas Page
40.1%
1998Diamond Dallas Page
40.1%
2001Rick Steiner
40.1%
1999Scott Steiner
39.7%
2000Scott Steiner
39.7%
1983Roddy Piper
39.3%
1981Roddy Piper
39.3%
1994Vader
38.9%
2006Mr. Kennedy
38.5%
1997Jeff Jarrett
37.2%
1999Jeff Jarrett
37.2%
2000Jeff Jarrett
37.2%
1997Dean Malenko
35.6%
1999Roddy Piper
35.2%
1982Greg Valentine
34%
1983Greg Valentine
34%
2001Rhyno
34%
1975Johnny Valentine
33.6%
2000Lance Storm
32.4%
2000Lance Storm
32.4%
2000Lance Storm
32.4%
1998Raven
32%
1976Blackjack Mulligan
31.6%
1976Blackjack Mulligan
31.6%
1978Blackjack Mulligan
31.6%
1991Rick Rude
31.6%
2001Kanyon
31.2%
2001Tajiri
30.4%
1975Terry Funk
30%
2000Terry Funk
30%
1994Jim Duggan
28.7%
1988Barry Windham
28.3%
1985Tully Blanchard
27.9%
1985Magnum T.A.
26.7%
1985Magnum T.A.
26.7%
1981Sgt. Slaughter
26.3%
1982Sgt. Slaughter
26.3%
1997Curt Hennig
25.5%
1981Wahoo McDaniel
24.3%
1982Wahoo McDaniel
24.3%
1982Wahoo McDaniel
24.3%
1984Wahoo McDaniel
24.3%
1984Wahoo McDaniel
24.3%
1996Konnan
24.3%
1995One Man Gang
23.5%
1997Steve McMichael
23.5%
1975Paul Jones
22.7%
1976Paul Jones
22.7%
1986Nikita Koloff
22.7%
1979Jimmy Snuka
22.3%
1977Bobo Brazil
21.9%
2000Gen. Rection
21.9%
2000Gen. Rection
21.9%
1989Michael Hayes
21.5%
1999Sid Vicious
21.1%
1990Stan Hansen
20.6%
2001Shane Douglas
20.6%
1978Mr. Wrestling
20.2%
1983Dick Slater
19.4%
1995Kensuke Sasaki
19.4%

You're not logged in!

Compare scores with friends on all Sporcle quizzes.
OR
Log In

Show Comments

Extras

Created Mar 18, 2013SourceReportNominate
Tags:WWE Quiz, champions

Top Quizzes Today


Score Distribution

Your Account Isn't Verified!

In order to create a playlist on Sporcle, you need to verify the email address you used during registration. Go to your Sporcle Settings to finish the process.

Report this User

Report this user for behavior that violates our Community Guidelines.

Details: